000 00346nam a22001457a 4500
999 _c5712
_d5710
005 20210831130222.0
008 180628b xxu||||| |||| 00| 0 eng d
041 _aeng
100 _aCOPI, IRVING M. AND OTHERS
_94416
245 _aINTRODUCTION TO LOGIC
250 _a14TH ED.
260 _aDELHI
_bPEARSON
_c2016
300 _a512p,
942 _cBK